| 000 | 00584cam a22001932 4500 | ||
|---|---|---|---|
| 001 | 0000008575 | ||
| 005 | 20151217152037.0 | ||
| 008 | 080425s xx 000 0 eng d | ||
| 020 |
_a0007683081 : _cKES 880 |
||
| 040 |
_aKABU _cKABU |
||
| 100 | 1 |
_aSheldon, Sidney. _@0000085238 |
|
| 245 | 1 | 0 |
_aNothing lasts forever Tell me your dreams / _cSidney Sheldon. |
| 260 |
_aLondon : _bHarperCollins, _c2003. |
||
| 300 | _a370, 341 p. | ||
| 505 | 0 | _aNothing lasts forever - Tell me your dreams. | |
| 908 | _a080425 | ||
| 950 | _@1 | ||
| 999 |
_c7639 _d7639 |
||